MARC details
| 000 -LEADER |
| fixed length control field |
02787mam a2200337 a 4500 |
| 001 - CONTROL NUMBER |
| control field |
2270337 |
| 003 - CONTROL NUMBER IDENTIFIER |
| control field |
ARRUPE |
| 005 - DATE AND TIME OF LATEST TRANSACTION |
| control field |
20160118155659.0 |
| 008 - FIXED-LENGTH DATA ELEMENTS--GENERAL INFORMATION |
| fixed length control field |
951012s1999 nyuab b 001 0 eng |
| 010 ## - LIBRARY OF CONGRESS CONTROL NUMBER |
| LC control number |
95043456 //r96 |
| 020 ## - INTERNATIONAL STANDARD BOOK NUMBER |
| International Standard Book Number |
0195085728 (alk. paper) |
| 035 ## - SYSTEM CONTROL NUMBER |
| System control number |
(OCoLC)ocm33359988 |
| 040 ## - CATALOGING SOURCE |
| Original cataloging agency |
DLC |
| Transcribing agency |
DLC |
| Modifying agency |
C#P |
| -- |
OrLoB-B |
| 050 00 - LIBRARY OF CONGRESS CALL NUMBER |
| Classification number |
GN740 |
| Item number |
.W46 1996 |
| 082 00 - DEWEY DECIMAL CLASSIFICATION NUMBER |
| Classification number |
573.3 |
| Edition number |
20 |
| 300 ## - PHYSICAL DESCRIPTION |
| Other physical details |
ill., maps ; |
| Dimensions |
24 cm. |
| 100 1# - MAIN ENTRY--PERSONAL NAME |
| Personal name |
Wenke, Robert J. |
| 9 (RLIN) |
21548 |
| 245 10 - TITLE STATEMENT |
| Title |
Patterns in prehistory : |
| Remainder of title |
humankind's first three million years / |
| Statement of responsibility, etc |
Robert J. Wenke. |
| 250 ## - EDITION STATEMENT |
| Edition statement |
4th ed. |
| 260 ## - PUBLICATION, DISTRIBUTION, ETC. (IMPRINT) |
| Place of publication, distribution, etc |
New York : |
| Name of publisher, distributor, etc |
Oxford University Press, |
| Date of publication, distribution, etc |
1999. |
| 300 ## - PHYSICAL DESCRIPTION |
| Extent |
viii, 712 p. : |
| 504 ## - BIBLIOGRAPHY, ETC. NOTE |
| Bibliography, etc |
Includes bibliographical references and index. |
| 505 00 - FORMATTED CONTENTS NOTE |
| Miscellaneous information |
1. |
| Title |
Prehistory, History, and Archaeology -- |
| Miscellaneous information |
2. |
| Title |
Fundamentals of Archaeology -- |
| Miscellaneous information |
3. |
| Title |
The Origins of Culture -- |
| Miscellaneous information |
4. |
| Title |
The Origins of Homo Sapiens Sapiens -- |
| Miscellaneous information |
5. |
| Title |
The First Americans -- |
| Miscellaneous information |
6. |
| Title |
The Origins of Agriculture -- |
| Miscellaneous information |
7. |
| Title |
The Evolution of Complex Societies -- |
| Miscellaneous information |
8. |
| Title |
The Origins of Complex Societies in Southwest Asia -- |
| Miscellaneous information |
9. |
| Title |
The Origins of Complex Societies in Egypt -- |
| Miscellaneous information |
10. |
| Title |
The Evolution of Complex Societies in the Indus Valley -- |
| Miscellaneous information |
11. |
| Title |
The Evolution of Complex Societies in China -- |
| Miscellaneous information |
12. |
| Title |
Later States and Empires of the Old World -- |
| Miscellaneous information |
13. |
| Title |
The Evolution of Complex Societies in Mesoamerica -- |
| Miscellaneous information |
14. |
| Title |
The Evolution of Complex Societies in Andean South America -- |
| Miscellaneous information |
15. |
| Title |
Early Cultural Complexity in North America -- |
| Miscellaneous information |
16. |
| Title |
Prehistory in Perspective. |
| 520 ## - SUMMARY, ETC. |
| Summary, etc |
Patterns in Prehistory takes an in-depth look at humankind's first three million years. From the origins of early hominids several million years ago to the evolution of the first great states and civilizations, this comprehensive survey of world prehistory also confronts important philosophical issues about the study of the past. |
| 520 8# - SUMMARY, ETC. |
| Summary, etc |
The author reflects on the archaeological methods and theories of the 1960s and 70s while reviewing the methodological revisions of the 80s and 90s, relating the archaeological data from hundreds of sites to the great questions of prehistorical change. |
| 520 8# - SUMMARY, ETC. |
| Summary, etc |
He focuses on the four great transformations in the history of our genus: the evolution of "culture" itself; the first appearance of "us," Homo Sapiens; the evolution of agriculture; and the first appearances of cultural and social "complexity" in the form of the great civilizations of antiquity. |
| 520 8# - SUMMARY, ETC. |
| Summary, etc |
Thoroughly revised and updated, this fourth edition incorporates the most recent archaeological discoveries and addresses the insights and limitations of the new wave of "post-processual" or "cognitive" archaeology. |
| 650 #0 - SUBJECT ADDED ENTRY--TOPICAL TERM |
| Topical term or geographic name as entry element |
Man Prehistoric |
| 9 (RLIN) |
21549 |
| 650 #0 - SUBJECT ADDED ENTRY--TOPICAL TERM |
| Topical term or geographic name as entry element |
Archaeology. |
| 9 (RLIN) |
21550 |
| 900 ## - EQUIVALENCE OR CROSS-REFERENCE-PERSONAL NAME [LOCAL, CANADA] |
| Numeration |
TOC |
| 942 ## - ADDED ENTRY ELEMENTS (KOHA) |
| Source of classification or shelving scheme |
Library of Congress Classification |
| Koha item type |
Monograph ( Printed materials) |